| 000 | 00595cam a2200205 a 4500 | ||
|---|---|---|---|
| 020 | _a9781422186435 (alk. paper) | ||
| 040 | _cDLC | ||
| 082 | 0 | 0 | _a658 HAR 2012 A113 Or. |
| 100 | 1 | _aKotter, John P., | |
| 245 | 1 | 0 | _aLeading change / |
| 260 |
_aBoston, Mass. : _bHarvard Business Review Press, _cc2012. |
||
| 300 |
_axii, 194 p : _bill. ; _c24 cm. |
||
| 500 | _aIncludes new preface by the author. | ||
| 500 | _aFirst published in 1996. | ||
| 650 | 0 | _aOrganizational change. | |
| 650 | 0 | _aLeadership. | |
| 650 | 0 | _aIndustrial organization. | |
| 650 | 0 | _aStrategic planning. | |
| 942 | _cEK | ||
| 999 |
_c17389 _d17389 |
||